Die Handschriften der Hessischen Landes- und Hochschulbibliothek Darmstadt
| Corporate Author: | |
|---|---|
| Format: | Print Book |
| Language: | German |
| Subito Delivery Service: | Order now. |
| Check availability: | HBZ Gateway |
| Interlibrary Loan: | Interlibrary Loan for the Fachinformationsdienste (Specialized Information Services in Germany) |
| Published: |
Wiesbaden
Harrassowitz
1959-
Darmstadt Roether 1959- |
| In: | Year: 1959 |
| Volumes / Articles: | Show volumes/articles. |
| Standardized Subjects / Keyword chains: | B
Universitäts- und Landesbibliothek Darmstadt
/ Handwriting
|
| Further subjects: | B
Handwriting
B Darmstadt B Universitäts- und Landesbibliothek Darmstadt B Catalog |
MARC
| LEADER | 00000cam a2200000 ca4500 | ||
|---|---|---|---|
| 001 | 1071711814 | ||
| 003 | DE-627 | ||
| 005 | 20240410102734.0 | ||
| 007 | tu | ||
| 008 | 850101m19599999gw ||||| c 00| ||ger c | ||
| 035 | |a (DE-627)1071711814 | ||
| 035 | |a (DE-576)001711814 | ||
| 035 | |a (DE-599)BSZ001711814 | ||
| 040 | |a DE-627 |b ger |c DE-627 |e rakwb | ||
| 041 | |a ger | ||
| 044 | |c XA-DE-HE | ||
| 084 | |a AM 81360 |2 rvk |0 (DE-625)rvk/4723: | ||
| 110 | 2 | |0 (DE-588)2011758-9 |0 (DE-627)10173865X |0 (DE-576)191663999 |4 aut |a Hessische Landes- und Hochschulbibliothek Darmstadt | |
| 245 | 1 | 4 | |a Die Handschriften der Hessischen Landes- und Hochschulbibliothek Darmstadt |c hrsg. vom Direktor der Bibliothek |
| 246 | 3 | 0 | |a Landesbibliothek |
| 264 | 1 | |a Wiesbaden |b Harrassowitz |c 1959- | |
| 264 | 1 | |a Darmstadt |b Roether |c 1959- | |
| 336 | |a Text |b txt |2 rdacontent | ||
| 337 | |a ohne Hilfsmittel zu benutzen |b n |2 rdamedia | ||
| 338 | |a Band |b nc |2 rdacarrier | ||
| 500 | |a Anfangs im Verl. Roether, Darmstadt, erschienen. - Zählung von Bd. 1 fingiert | ||
| 601 | |a Hessisch | ||
| 601 | |a Hochschulbibliothek | ||
| 601 | |a Darmstadt | ||
| 650 | 4 | |a Katalog |7 (dpeaa)DE-2491 | |
| 650 | 4 | |a Darmstadt |7 (dpeaa)DE-2491 | |
| 650 | 4 | |a Universitäts- und Landesbibliothek Darmstadt |7 (dpeaa)DE-2491 | |
| 650 | 4 | |a Handschrift |7 (dpeaa)DE-2491 | |
| 655 | 7 | |a Katalog |0 (DE-588)4163417-2 |0 (DE-627)105454966 |0 (DE-576)209880899 |2 gnd-content | |
| 689 | 0 | 0 | |d b |0 (DE-588)10073682-8 |0 (DE-627)380122499 |0 (DE-576)199778221 |2 gnd |a Universitäts- und Landesbibliothek Darmstadt |
| 689 | 0 | 1 | |d s |0 (DE-588)4023287-6 |0 (DE-627)10457187X |0 (DE-576)208948376 |2 gnd |a Handschrift |
| 689 | 0 | |5 (DE-627) | |
| 889 | |w (DE-627)1739646967 | ||
| 936 | r | v | |a AM 81360 |b Hessische Landes- und Hochschulbibliothek |k Allgemeines |k Schrift und Handschriftenkunde. Schriftarten und Schreiben |k Handschriftenkunde |k Handschriftenkataloge |k Handschriftenkataloge nach Autoren und Standorten |k Kataloge einzelner Bibliotheken, Archive und Museen |k Orte D |k Darmstadt |k Hessische Landes- und Hochschulbibliothek |0 (DE-627)127066896X |0 (DE-625)rvk/4723: |0 (DE-576)20066896X |
| 951 | |a MC | ||
| ELC | |b 1 | ||
| ITA | |a 1 |t 1 | ||
| LOK | |0 000 xxxxxcx a22 zn 4500 | ||
| LOK | |0 001 2461530157 | ||
| LOK | |0 003 DE-627 | ||
| LOK | |0 004 1071711814 | ||
| LOK | |0 005 20020121000000 | ||
| LOK | |0 008 970321||||||||||||||||ger||||||| | ||
| LOK | |0 040 |a DE-21 |c DE-627 |d DE-21 | ||
| LOK | |0 852 |a DE-21 | ||
| LOK | |0 852 1 |c Ke XXIII 125 f |9 00 | ||
| LOK | |0 866 |x Abschlußvermerk im STOK erl. mit Bd. 4 | ||
| LOK | |0 939 |a 21-03-97 |b l01 | ||
| LOK | |0 000 xxxxxcx a22 zn 4500 | ||
| LOK | |0 001 2461530173 | ||
| LOK | |0 003 DE-627 | ||
| LOK | |0 004 1071711814 | ||
| LOK | |0 005 20010920000000 | ||
| LOK | |0 008 980506||||||||||||||||ger||||||| | ||
| LOK | |0 040 |a DE-21-108 |c DE-627 |d DE-21-108 | ||
| LOK | |0 092 |o l | ||
| LOK | |0 852 |a DE-21-108 | ||
| LOK | |0 852 1 |m p |9 00 | ||
| LOK | |0 938 |k p | ||
| LOK | |0 939 |a 06-05-98 |b l01 | ||
| ORI | |a SA-MARC-ixtheob001.raw | ||
| REF | |a Handschriftenkatalog | ||
| REL | |a 1 | ||
| SPR | |a 1 |t IXT |t REL | ||
| STA | 0 | 0 | |a Catalog,Catalogs,Catalogs and collections,Handwriting,Manuscript,Script |
| STB | 0 | 0 | |a Catalogue,Catalogues,Écriture,Manuscrit |
| STC | 0 | 0 | |a Catálogo,Grafía,Manuscrito |
| STD | 0 | 0 | |a Catalogo,Grafia,Manoscritto |
| STE | 0 | 0 | |a 笔迹,手抄本,手稿,编目,目录 |
| STF | 0 | 0 | |a 筆跡,手抄本,手稿,編目,目錄 |
| STG | 0 | 0 | |a Catálogo,Grafia,Manuscrito |
| STH | 0 | 0 | |a Каталог,Почерк,Рукопись |
| STI | 0 | 0 | |a Γραφικός χαρακτήρας (γραφολογία),Χειρόγραφο,Κατάλογος |
| SUB | |a REL | ||
| SYE | 0 | 0 | |a Bestandskatalog,Bestandsverzeichnis , Stadt Darmstadt,Wissenschaftsstadt Darmstadt,Darmundestat , Universitäts- und Landesbibliothek,ULB Darmstadt,ULB,Technische Universität Darmstadt,Universitäts- und Landesbibliothek Darmstadt,Technische Universität Darmstadt,Bibliothek , Buchhandschrift,Handschriften |
| SYG | 0 | 0 | |a Universitäts- und Landesbibliothek,ULB Darmstadt,ULB,Technische Universität Darmstadt,Universitäts- und Landesbibliothek Darmstadt,Technische Universität Darmstadt,Bibliothek , Buchhandschrift,Handschriften |
| TIM | |a 100020040224_100020261231 |b 2004-02-24 - 2026 | ||



